000 00501nam a2200169Ia 4500
999 _c14440
_d14440
003 OSt
005 20231227160750.0
008 190216s9999||||xx |||||||||||||| ||und||
040 _coclc
082 _a822.33
_bSHA/O
100 1 _aShakespeare, William,
_d1564-1616
_vAdaptations
_974
245 0 _aOthello /
_cWilliam Shakespeare
260 _bSurjeet Publications ,
_a2005.
_cNew Delhi:
300 _a147p
650 _aEnglish
942 _cBK
_2ddc
_h822.33
_iSHA/O
_k822.33
_mSHA/O